تطوير الأعمال المصرفية بما يتفق و الشريعة الإسلامية/ (Record no. 15828)
[ view plain ]
| 000 -الفاتح | |
|---|---|
| حقل البيانات ثابتة الطول | 00545nam a22001457a 4500 |
| 008 - عناصر البيانات ثابتة الطول - معلومات عامة | |
| حقل البيانات ثابتة الطول | 110815t1991 xxu||||g |||| 000 0 ara d |
| 082 ## - رقم تصنيف ديوى العشرى | |
| رقم الطبعة | 22 |
| رقم التصنيف | 330.121 |
| رقم المادة | ح م و |
| 100 ## - المدخل الرئيسى - إسم شخصى | |
| 9 (RLIN) | 26699 |
| الإسم الشخصى | حمود،سامى حسن احمد |
| 245 ## - بيان العنوان | |
| العنوان | تطوير الأعمال المصرفية بما يتفق و الشريعة الإسلامية/ |
| بيان المسئوليه,etc | سامى حسن احمد حمود |
| 250 ## - بيان الطبعة | |
| بيان الطبعة | ط3. |
| 260 ## - PUBLICATION, DISTRIBUTION, ETC. (IMPRINT) | |
| مكان الناشر او الموزع | القاهرة: |
| اسم الناشر او الموزع | مكتبة دار التراث،1991. |
| تاريخ النشر أو التوزيع | 1991. |
| 300 ## - الوصف المادى | |
| التعداد | 496ص، |
| أبعاد الوعاء | 24سم. |
| 653 ## - مصطلح تكشيفى غير مقيد | |
| Resource For college | |
| Arrived date list | August2011 |
| 942 ## - عناصر المدخل الإضافي( كوها) | |
| مصدر التصنيف او مخطط الترفيف | Dewey Decimal Classification |
| Koha [default] item type | Book - Borrowing |
| حالة التراجع | حالة الفقد | مصدر التصنيف او خطة الترفيف | حالة تلف | ليس للاعارة | مجموعات كوها | المكان الدائم | المكان الحالي | موقع الترفيف | تاريخ الاكتساب | Source of acquisition | رقم الاستدعاء | الباركود | Date last seen | نوع الوعاء |
|---|---|---|---|---|---|---|---|---|---|---|---|---|---|---|
| Dewey Decimal Classification | Central Library | Central Library | First floor | 15/08/2011 | Donation | 330.121 ح م و | 000023498 | 15/07/2025 | Book - Borrowing |